| 000 | 00465nam a22001337a 4500 | ||
|---|---|---|---|
| 040 | _cNUST | ||
| 082 | _a220 PRO | ||
| 100 |
_aNS Muhammad Haris NS Abdur Rehman Liaquat Ns Hamza Zaib Aleem NS Syed Muhammad Zaafir _9127862 |
||
| 110 |
_aProject Supervisor Dr. Ahmad Rauf Subhani _9127863 |
||
| 245 | _aPR-SOF-2399-Stress Monitoring using Facial Expressions | ||
| 260 |
_aISLAMABAD: _bNUST COLLEGE OF EME, _c2024. |
||
| 650 |
_aDE-ELECT-42 _9127847 |
||
| 942 |
_2ddc _cPR |
||
| 999 |
_c612887 _d612887 |
||